| 000 | 00540nam a2200181Ia 4500 | ||
|---|---|---|---|
| 008 | 140527s9999 xx 000 0 und d | ||
| 020 | _a9780814420126 | ||
| 050 |
_aHF 5726 _b.Se42 2012 |
||
| 100 | _aSeglin, Jeffrey L. | ||
| 245 | 4 |
_aThe AMA handbook of business letters / _cJeffrey L. Seglin, Edward Coleman |
|
| 250 | _a4th ed. | ||
| 260 |
_aNew York : _bAmerican Management Association, _cc2012. |
||
| 300 |
_a480 p. ; _c26 cm. |
||
| 500 | _aIncludes appendix and index. | ||
| 521 | _aBSBA | ||
| 942 |
_kFOR _cBK |
||
| 999 |
_c117474 _d117474 |
||